| 000 | 01706cam a2200457 4500 | ||
|---|---|---|---|
| 001 | 21880 | ||
| 003 | VRT | ||
| 005 | 20260313142155.0 | ||
| 008 | 200228s2018 xr a br 000 j slo | ||
| 015 | _aSNBZSA2019/07 | ||
| 020 |
_a9788020617118 _q(viazané) |
||
| 035 | _aurn:nbn:sk:snk-am00ddlf | ||
| 035 | _aurn:nbn:sk:snk-am3hyl2 | ||
| 035 | _a05504B05-B9C4-4D93-98A1-653DCCF68A80 | ||
| 039 | 9 |
_a202002281327 _bVLOAD _c201907240744 _dmsnk21 _c201904291400 _dmsnk11 _c201806141534 _dmvthk03 |
|
| 040 |
_aZKSE _bslo _cZKSE _dSNK _erda |
||
| 041 | 1 |
_aslo _hita |
|
| 044 |
_axr _cSK |
||
| 072 | 7 |
_a821-93 _xLiteratúra pre deti a mládež (beletria) _2konspekt |
|
| 072 | 7 |
_a821.131.1-3 _xTalianska próza _2konspekt |
|
| 080 |
_a821.131.1-34 _22011 |
||
| 080 |
_a821-34 _22011 |
||
| 080 |
_a(0:82-34) _22011 |
||
| 240 | 0 | 3 |
_aLa Bella addormentata _lSlovensky |
| 245 | 0 | 0 |
_aRuženka _cz italského originálu La bella addormentata přeložil Martin Kubík |
| 264 | 1 |
_aPraha _bNaše vojsko _c[2018] |
|
| 264 | 4 | _c©2018 | |
| 300 |
_a48 nečíslovaných strán _bilustrácie (prevažne farebné) _c31 cm |
||
| 336 |
_atext _btxt _2rdacontent |
||
| 336 |
_astatický obraz _bsti _2rdacontent |
||
| 337 |
_abez média _bn _2rdamedia |
||
| 338 |
_azväzok _bnc _2rdacarrier |
||
| 655 | 7 |
_atalianske rozprávky _2SNKPH |
|
| 655 | 7 |
_apublikácie pre deti _2SNKPH |
|
| 655 | 7 |
_aItalian fairy tales _2SNKPHeng |
|
| 655 | 7 |
_aChildren's literature _2SNKPHeng |
|
| 700 | 1 |
_aKubík, Martin, _d1976- _4trl |
|
| 700 | 1 |
_aDocampo, Valeria _4ill |
|
| 942 |
_2ddc _cKLDE _n0 |
||
| 949 |
_617A1371306 _asnkSB 94153 _bsnk2019/12142 _oVydavatelství a nakladatelství Aleš Čeněk131-ah/103Int. č. fa – 125/2018 _s6100:20190725 |
||
| 999 |
_c21880 _d21880 |
||